00558cam a2200181 a 450000100100000000500170001000800410002702000150006804000250008308200180010810000190012624500340014526001000017930000270027949000200030665000240032665000260035000001989520200929170200.0820402s1980 sp a 000 0 spa d a8472322769 aDO-SdBNPbspacBNPHU a861.44bR788a1 aRosales, Luis.13aLa almadraba /cLuis Rosales. aMadrid, (España) :bCultura Hispánica del Instituto de Cooperación Iberoamericana,c1980. a83 p. :bil. ;c22 cm.1 aLa carta entera 4aPoesía española 4aLiteratura española